[Event "Small Nations"]
[Site "?"]
[Date "2015.04.25"]
[Round "8.3"]
[White "Kahn, Tito"]
[Black "Linster, Philippe"]
[Result "0-1"]
[WhiteElo "1942"]
[BlackElo "2239"]
[PlyCount "256"]
[EventDate "2015.??.??"]
[TimeControl "6000+1045"]
[WhiteClock "0:03:09"]
[BlackClock "0:03:56"]

1. d4 Nf6 2. Nf3 e6 3. Bf4 c5 4. e3 b6 5. Bd3 Bb7 6. Nbd2 Be7 7. h3 O-O 8. O-O
d6 9. Bh2 cxd4 10. exd4 Nbd7 11. Re1 Qc7 12. Qe2 Rfe8 13. c3 Bf8 14. Rad1 a6
15. Ng5 b5 16. Nde4 Qc6 17. Nxf6+ Nxf6 18. Be4 Nxe4 19. Qxe4 Qxe4 20. Nxe4 Bxe4
21. Rxe4 d5 22. Re2 Rec8 23. a3 Rc4 24. f4 a5 25. f5 exf5 26. Re5 Rd8 27. Rxf5
b4 28. axb4 axb4 29. Rf3 f6 30. Kf1 Kf7 31. Ke2 Ra8 32. Bf4 Ra2 33. Rd2 Ra1 34.
Rd1 Ra6 35. Kd2 bxc3+ 36. bxc3 Ra2+ 37. Kd3 Rxg2 38. Ra1 Rc6 39. Re3 Bd6 40.
Ra7+ Kg6 41. Bxd6 Rxd6 42. c4 dxc4+ 43. Kxc4 Rg5 44. Rae7 h5 45. R7e6 Rxe6 46.
Rxe6 Kf5 47. d5 Rg1 48. Re3 Rd1 49. Kc5 g5 50. d6 g4 51. hxg4+ hxg4 52. Kc6 Kf4
53. Re6 f5 54. d7 g3 55. Rd6 Rxd6+ 56. Kxd6 g2 57. d8=Q g1=Q 58. Qh4+ Qg4 59.
Qf2+ Qf3 60. Qh4+ Ke3 61. Qe1+ Kd4 62. Qb4+ Kd3 63. Qb3+ Ke2 64. Qc2+ Ke3 65.
Qc5+ Kf4 66. Qe5+ Kg4 67. Qg7+ Kh3 68. Qh6+ Kg2 69. Qd2+ Kg3 70. Qg5+ Kh3 71.
Qh6+ Kg4 72. Qg7+ Kh4 73. Qh6+ Qh5 74. Qf4+ Qg4 75. Qh6+ Kg3 76. Qe3+ Kg2 77.
Qd2+ Kh3 78. Qh6+ Qh4 79. Qc1 Qd4+ 80. Kc7 f4 81. Qf1+ Kg3 82. Qe1+ Qf2 83. Qe5
Qe3 84. Qd6 Kf2 85. Qd5 Qc3+ 86. Kb8 f3 87. Qe4 Qh8+ 88. Kb7 Qg7+ 89. Kb8 Kg3
90. Qd3 Qe5+ 91. Kb7 Kg2 92. Qg6+ Kf1 93. Qb1+ Qe1 94. Qd3+ Kg2 95. Qg6+ Qg3
96. Qe4 Qg7+ 97. Ka8 Qg5 98. Qc6 Qd8+ 99. Kb7 Qe7+ 100. Ka8 Qe3 101. Qd5 Kf1
102. Qd1+ Kf2 103. Qc2+ Qe2 104. Qc5+ Ke1 105. Qc1+ Qd1 106. Qe3+ Kf1 107. Qe4
Qd8+ 108. Kb7 Qd7+ 109. Ka8 Qc8+ 110. Ka7 Qc5+ 111. Kb7 f2 112. Qd3+ Ke1 113.
Qb1+ Kd2 114. Qb2+ Ke3 115. Qb3+ Kf4 116. Qf7+ Qf5 117. Qc7+ Kf3 118. Qc3+ Kg2
119. Qg7+ Kh3 120. Qh8+ Kg4 121. Qg7+ Qg5 122. Qd4+ Kg3 123. Qd6+ Kg2 124. Qc6+
Kg1 125. Qb6 Qe7+ 126. Ka8 Qe4+ 127. Ka7 Kg2 128. Qb2 Qe3+ {White touched his
queen and resigned.} 0-1

[Event "Small Nations"]
[Site "?"]
[Date "2015.04.25"]
[Round "8.4"]
[White "Gengler, Pierre"]
[Black "Forbes, Garry"]
[Result "0-1"]
[BlackElo "1908"]
[WhiteElo "2195"]
[LiveChessVersion "1.4.5"]

1. e4 {[%clk 1:30:59]} g6 {[%clk 1:30:59]} 2. d4 {[%clk 1:31:22]} Bg7
{[%clk 1:31:28]} 3. Nc3 {[%clk 1:31:45]} d6 {[%clk 1:31:55]} 4. f4
{[%clk 1:32:09]} Nf6 {[%clk 1:30:21]} 5. Nf3 {[%clk 1:32:22]} c5 {[%clk 1:30:47]}
6. Bd3 {[%clk 1:18:28]} cxd4 {[%clk 1:29:12]} 7. Nxd4 {[%clk 1:17:36]} O-O
{[%clk 1:26:16]} 8. Nf3 {[%clk 1:09:36]} Qb6 {[%clk 1:12:57]} 9. Qe2
{[%clk 1:08:36]} Nc6 {[%clk 1:04:45]} 10. Nd1 {[%clk 1:05:17]} Bg4
{[%clk 0:56:54]} 11. c3 {[%clk 0:52:45]} e5 {[%clk 0:47:16]} 12. Be3
{[%clk 0:52:20]} Qc7 {[%clk 0:47:24]} 13. O-O {[%clk 0:52:10]} d5
{[%clk 0:42:04]} 14. exd5 {[%clk 0:29:12]} Nxd5 {[%clk 0:37:26]} 15. fxe5
{[%clk 0:29:30]} Bxf3 {[%clk 0:32:42]} 16. Qxf3 {[%clk 0:23:33]} Nxe3
{[%clk 0:32:58]} 17. Qxe3 {[%clk 0:21:15]} Nxe5 {[%clk 0:32:50]} 18. Bc2
{[%clk 0:19:40]} Ng4 {[%clk 0:23:46]} 19. Qf4 {[%clk 0:19:54]} Qxf4
{[%clk 0:22:16]} 20. Rxf4 {[%clk 0:19:54]} f5 {[%clk 0:22:16]} 21. Bb3+
{[%clk 0:19:54]} Kh8 {[%clk 0:22:42]} 22. Bd5 {[%clk 0:20:08]} Rab8
{[%clk 0:21:56]} 23. Rc4 {[%clk 0:16:08]} Rfd8 {[%clk 0:19:25]} 24. Bf3
{[%clk 0:13:10]} Ne5 {[%clk 0:18:08]} 25. Rc7 {[%clk 0:13:04]} Nxf3+
{[%clk 0:16:44]} 26. gxf3 {[%clk 0:04:32]} Rd2 {[%clk 0:09:17]} 27. Nf2
{[%clk 0:04:57]} Re8 {[%clk 0:07:40]} 28. Rxb7 {[%clk 0:05:07]} Bh6
{[%clk 0:06:20]} 29. Kf1 {[%clk 0:03:58]} Ree2 {[%clk 0:05:10]} 30. Nh3
{[%clk 0:04:04]} Rxh2 {[%clk 0:04:50]} 31. Re1 {[%clk 0:04:03]} Bf8
{[%clk 0:02:27]} 32. Rb8 {[%clk 0:00:44]} Kg7 {[%clk 0:01:32]} 33. b4
{[%clk 0:00:47]} Rxh3 {[%clk 0:01:36]} 34. Re2 {[%clk 0:00:45]} Rh1+
{[%clk 0:00:52]} 35. Kg2 {[%clk 0:01:08]} Rh2+ {[%clk 0:00:46]} 36. Kxh2
{[%clk 0:01:29]} Rxe2+ {[%clk 0:01:15]} 37. Kg1 {[%clk 0:01:45]} Rxa2
{[%clk 0:01:12]} 38. c4 {[%clk 0:02:00]} Rb2 {[%clk 0:01:09]} 39. Rb7+
{[%clk 0:01:53]} Kh6 {[%clk 0:01:30]} 40. Rxa7 Bxb4 {[%clk 0:01:30]} 41. Rc7
{[%clk 0:02:30]} Rc2 {[%clk 0:01:23]} 42. Kf1 {[%clk 0:02:17]} g5
{[%clk 0:23:52]} 43. Kg1 {[%clk 0:28:52]} Kh5 {[%clk 0:23:54]} 44. Rxh7+
{[%clk 0:29:08]} Kg6 {[%clk 0:24:22]} 45. Rc7 {[%clk 0:29:20]} Kf6
{[%clk 0:22:38]} 46. f4 {[%clk 0:24:55]} gxf4 {[%clk 0:22:12]} 47. Rc8
{[%clk 0:24:25]} f3 {[%clk 0:18:13]} 48. Ra8 {[%clk 0:13:18]} Bc5+
{[%clk 0:15:51]} 49. Kh1 {[%clk 0:13:32]} Rc1+ {[%clk 0:14:35]} 50. Kh2
{[%clk 0:13:52]} Bd6+ {[%clk 0:13:30]} 0-1

[Event "Small Nations"]
[Site "?"]
[Date "2015.04.25"]
[Round "8.5"]
[White "Holland, Christopher"]
[Black "Efimov, Igor"]
[Result "0-1"]
[BlackElo "2398"]
[WhiteElo "2213"]
[LiveChessVersion "1.4.5"]

1. d4 {[%clk 1:30:57]} d6 {[%clk 1:30:55]} 2. Nf3 {[%clk 1:26:11]} g6
{[%clk 1:28:51]} 3. c4 {[%clk 1:17:24]} Bg7 {[%clk 1:26:56]} 4. Nc3
{[%clk 1:17:42]} Nd7 {[%clk 1:25:52]} 5. e4 {[%clk 1:16:17]} e5 {[%clk 1:21:00]}
6. d5 {[%clk 1:15:17]} a5 {[%clk 1:17:54]} 7. Be2 {[%clk 1:12:56]} Nc5
{[%clk 1:16:46]} 8. O-O {[%clk 1:11:00]} Nf6 {[%clk 1:17:10]} 9. Qc2
{[%clk 0:59:16]} O-O {[%clk 1:16:45]} 10. Ne1 {[%clk 0:51:06]} Bd7
{[%clk 1:10:46]} 11. Kh1 {[%clk 0:47:02]} c6 {[%clk 1:09:05]} 12. Be3
{[%clk 0:33:15]} b6 {[%clk 1:00:51]} 13. dxc6 {[%clk 0:27:17]} Bxc6
{[%clk 1:01:05]} 14. Bxc5 {[%clk 0:27:23]} bxc5 {[%clk 1:01:11]} 15. Rd1
{[%clk 0:26:57]} Ne8 {[%clk 0:59:45]} 16. Qd2 {[%clk 0:20:15]} Ra7
{[%clk 0:58:41]} 17. Nd3 {[%clk 0:17:08]} Qh4 {[%clk 0:57:11]} 18. f3
{[%clk 0:17:05]} Bh6 {[%clk 0:57:26]} 19. Qe1 {[%clk 0:17:27]} Qg5
{[%clk 0:55:57]} 20. Nf2 {[%clk 0:16:43]} f5 {[%clk 0:54:34]} 21. Bd3
{[%clk 0:16:21]} Qd8 {[%clk 0:49:28]} 22. Bc2 {[%clk 0:15:24]} Ng7
{[%clk 0:49:33]} 23. Ba4 {[%clk 0:14:43]} Bxa4 {[%clk 0:48:33]} 24. Nxa4
{[%clk 0:15:09]} Ne6 {[%clk 0:48:57]} 25. Nc3 {[%clk 0:11:44]} Nd4
{[%clk 0:48:24]} 26. a4 {[%clk 0:10:01]} Raf7 {[%clk 0:47:11]} 27. Nb5
{[%clk 0:10:04]} Rf6 {[%clk 0:43:37]} 28. Nc3 {[%clk 0:09:04]} Re6
{[%clk 0:42:24]} 29. Nd3 {[%clk 0:06:51]} Rf7 {[%clk 0:40:37]} 30. Nd5
{[%clk 0:05:53]} Rb7 {[%clk 0:40:24]} 31. Nc3 {[%clk 0:05:53]} Rb3
{[%clk 0:40:22]} 32. Nb5 {[%clk 0:05:56]} Kg7 {[%clk 0:39:48]} 33. Qf2
{[%clk 0:04:59]} Rf6 {[%clk 0:39:41]} 34. Rfe1 {[%clk 0:05:11]} Qg8
{[%clk 0:39:09]} 35. Nxd4 {[%clk 0:04:16]} exd4 {[%clk 0:39:26]} 36. e5
{[%clk 0:04:39]} dxe5 {[%clk 0:39:37]} 37. Rxe5 {[%clk 0:04:37]} Qxc4
{[%clk 0:39:43]} 38. Nxc5 {[%clk 0:04:26]} Re3 {[%clk 0:39:21]} 39. f4
{[%clk 0:04:25]} Bxf4 {[%clk 0:37:53]} 40. Qxf4 {[%clk 0:04:13]} Qe2
{[%clk 0:38:22]} 0-1

[Event "Small Nations"]
[Site "?"]
[Date "2015.04.25"]
[Round "8.6"]
[White "Butnorius, Algimantas"]
[Black "Hamperl, Fred"]
[Result "1-0"]
[BlackElo "2071"]
[WhiteElo "2379"]
[LiveChessVersion "1.4.5"]

1. c4 {[%clk 1:30:56]} e5 {[%clk 1:30:52]} 2. Nc3 {[%clk 1:31:19]} Nc6
{[%clk 1:30:59]} 3. g3 {[%clk 1:31:16]} g6 {[%clk 1:30:49]} 4. Bg2
{[%clk 1:31:34]} Bg7 {[%clk 1:31:13]} 5. d3 {[%clk 1:30:56]} d6 {[%clk 1:29:36]}
6. Rb1 {[%clk 1:29:53]} a5 {[%clk 1:29:32]} 7. a3 {[%clk 1:26:04]} f5
{[%clk 1:29:44]} 8. Nf3 {[%clk 1:25:35]} Nf6 {[%clk 1:29:28]} 9. O-O
{[%clk 1:25:45]} O-O {[%clk 1:29:39]} 10. b4 {[%clk 1:23:11]} axb4
{[%clk 1:29:59]} 11. axb4 {[%clk 1:23:38]} h6 {[%clk 1:25:39]} 12. b5
{[%clk 1:22:32]} Ne7 {[%clk 1:25:59]} 13. c5 {[%clk 1:21:21]} Be6
{[%clk 1:24:47]} 14. Bb2 {[%clk 1:17:09]} g5 {[%clk 1:21:01]} 15. Ra1
{[%clk 1:07:35]} Qd7 {[%clk 1:16:19]} 16. b6 {[%clk 0:59:33]} cxb6
{[%clk 1:10:24]} 17. cxd6 {[%clk 0:58:33]} Ng6 {[%clk 1:04:22]} 18. d4
{[%clk 0:46:13]} Rxa1 {[%clk 1:00:50]} 19. Qxa1 {[%clk 0:46:10]} Ne8
{[%clk 0:56:37]} 20. Nxe5 {[%clk 0:45:28]} Nxe5 {[%clk 0:56:45]} 21. dxe5
{[%clk 0:45:50]} Bxe5 {[%clk 0:56:34]} 22. Rd1 {[%clk 0:40:08]} Nxd6
{[%clk 0:52:39]} 23. Nd5 {[%clk 0:38:39]} Bxb2 {[%clk 0:51:57]} 24. Qxb2
{[%clk 0:38:59]} Qf7 {[%clk 0:32:19]} 25. Qxb6 {[%clk 0:34:49]} Ne4
{[%clk 0:25:13]} 26. Nc7 {[%clk 0:25:55]} Bb3 {[%clk 0:22:51]} 27. Bxe4
{[%clk 0:19:29]} fxe4 {[%clk 0:20:30]} 28. Rd6 {[%clk 0:19:44]} Bc4
{[%clk 0:13:14]} 29. Rg6+ {[%clk 0:12:00]} Kh7 {[%clk 0:13:17]} 30. Rxh6+
{[%clk 0:12:24]} Kg7 {[%clk 0:13:08]} 31. Rd6 {[%clk 0:11:14]} Ba6
{[%clk 0:05:21]} 32. Ne6+ {[%clk 0:11:05]} 1-0

[Event "Small Nations"]
[Site "?"]
[Date "2015.04.25"]
[Round "8.7"]
[White "Rowe, Peter"]
[Black "Van Hoolandt, Patrick"]
[Result "0-1"]
[BlackElo "2107"]
[WhiteElo "1988"]
[LiveChessVersion "1.4.5"]

1. d4 {[%clk 1:30:49]} Nf6 {[%clk 1:30:40]} 2. Nf3 {[%clk 1:31:05]} e6
{[%clk 1:30:54]} 3. Bf4 {[%clk 1:31:01]} b6 {[%clk 1:30:55]} 4. e3
{[%clk 1:30:52]} Bb7 {[%clk 1:31:22]} 5. Nbd2 {[%clk 1:29:28]} d6
{[%clk 1:31:28]} 6. Bd3 {[%clk 1:28:44]} Nbd7 {[%clk 1:30:28]} 7. O-O
{[%clk 1:28:23]} Qe7 {[%clk 1:30:37]} 8. e4 {[%clk 1:22:06]} h6 {[%clk 1:30:59]}
9. Qe2 {[%clk 1:15:14]} g5 {[%clk 1:12:54]} 10. Bg3 {[%clk 1:10:02]} Nh5
{[%clk 1:07:29]} 11. Ba6 {[%clk 0:55:33]} Bxa6 {[%clk 1:07:37]} 12. Qxa6
{[%clk 0:55:55]} Bg7 {[%clk 1:05:37]} 13. c3 {[%clk 0:53:20]} O-O
{[%clk 1:05:49]} 14. Qb7 {[%clk 0:44:05]} c5 {[%clk 0:56:53]} 15. dxc5
{[%clk 0:39:16]} bxc5 {[%clk 0:48:52]} 16. Nc4 {[%clk 0:39:01]} Nxg3
{[%clk 0:49:18]} 17. hxg3 {[%clk 0:37:31]} Rfb8 {[%clk 0:34:56]} 18. Qc7
{[%clk 0:34:03]} Bf8 {[%clk 0:29:20]} 19. Rad1 {[%clk 0:30:11]} Nb6
{[%clk 0:25:30]} 20. Qxe7 {[%clk 0:28:22]} Bxe7 {[%clk 0:25:58]} 21. Nxd6
{[%clk 0:27:46]} Na4 {[%clk 0:22:38]} 22. Ne5 {[%clk 0:25:43]} Nxb2
{[%clk 0:18:53]} 23. Rd2 Bxd6 {[%clk 0:12:12]} 24. Rxd6 {[%clk 0:24:37]} Rd8
{[%clk 0:12:26]} 25. Rc6 {[%clk 0:23:20]} Rac8 {[%clk 0:08:02]} 26. Rb1
{[%clk 0:18:04]} Rxc6 {[%clk 0:06:29]} 27. Nxc6 {[%clk 0:18:11]} Rd1+
{[%clk 0:06:55]} 28. Rxd1 {[%clk 0:18:27]} Nxd1 {[%clk 0:07:24]} 29. a4
{[%clk 0:16:27]} Nxc3 {[%clk 0:07:18]} 30. a5 {[%clk 0:16:50]} Nb5
{[%clk 0:05:35]} 31. Kf1 {[%clk 0:16:57]} Kf8 {[%clk 0:05:09]} 32. Ke2
{[%clk 0:17:17]} c4 {[%clk 0:05:08]} 33. Ne5 {[%clk 0:16:43]} c3 {[%clk 0:04:33]}
34. Kd3 {[%clk 0:16:49]} Ke7 {[%clk 0:04:10]} 35. f4 {[%clk 0:10:17]} f6
{[%clk 0:02:47]} 36. Nc6+ {[%clk 0:09:36]} Kd6 {[%clk 0:02:47]} 37. Nb4
{[%clk 0:08:37]} Kc5 {[%clk 0:02:53]} 38. Na6+ {[%clk 0:08:39]} Kd6
{[%clk 0:02:00]} 39. Nb4 {[%clk 0:08:20]} gxf4 {[%clk 0:01:25]} 40. gxf4
{[%clk 0:08:31]} h5 {[%clk 0:01:16]} 41. Kc4 {[%clk 0:06:45]} Nc7
{[%clk 0:23:10]} 42. Kd4 {[%clk 0:26:20]} e5+ {[%clk 0:15:03]} 43. fxe5+
{[%clk 0:26:39]} fxe5+ {[%clk 0:15:31]} 44. Kxc3 {[%clk 0:25:58]} Ne6
{[%clk 0:15:59]} 45. Kd2 {[%clk 0:20:01]} Kc5 {[%clk 0:15:25]} 46. Kc3
{[%clk 0:17:58]} Nf4 {[%clk 0:12:43]} 47. Kb3 {[%clk 0:08:25]} h4
{[%clk 0:11:58]} 48. a6 {[%clk 0:07:51]} Nxg2 {[%clk 0:12:00]} 49. Nd3+
{[%clk 0:08:02]} Kd4 {[%clk 0:12:02]} 50. Nf2 {[%clk 0:08:22]} Nf4
{[%clk 0:11:57]} 51. Kb4 {[%clk 0:07:32]} Nd3+ {[%clk 0:12:12]} 0-1

[Event "Small Nations"]
[Site "?"]
[Date "2015.04.25"]
[Round "8.8"]
[White "Nelis, Jean-Francois"]
[Black "Brookfield, Toby"]
[Result "1-0"]
[BlackElo "1877"]
[WhiteElo "2146"]
[LiveChessVersion "1.4.5"]

1. b3 {[%clk 1:30:46]} f5 {[%clk 1:30:49]} 2. Bb2 {[%clk 1:31:00]} Nf6
{[%clk 1:31:12]} 3. Bxf6 {[%clk 1:31:02]} exf6 {[%clk 1:31:34]} 4. c4
{[%clk 1:31:16]} Bc5 {[%clk 1:28:20]} 5. e3 {[%clk 1:30:45]} O-O {[%clk 1:24:32]}
6. Ne2 {[%clk 1:27:43]} Nc6 {[%clk 1:15:35]} 7. Nbc3 {[%clk 1:27:22]} Re8
{[%clk 1:04:35]} 8. g3 {[%clk 1:27:14]} Ne5 {[%clk 0:58:51]} 9. Bg2
{[%clk 1:25:39]} Nd3+ {[%clk 0:53:02]} 10. Kf1 {[%clk 1:25:46]} Ba3
{[%clk 0:35:24]} 11. Nb5 {[%clk 1:07:14]} Bb2 {[%clk 0:35:29]} 12. Rb1
{[%clk 1:07:13]} a6 {[%clk 0:35:07]} 13. Qc2 {[%clk 1:03:42]} axb5
{[%clk 0:34:49]} 14. Qxd3 {[%clk 1:04:02]} Be5 {[%clk 0:31:38]} 15. f4
{[%clk 0:59:17]} Bd6 {[%clk 0:30:37]} 16. c5 {[%clk 0:57:51]} Bf8
{[%clk 0:29:54]} 17. b4 {[%clk 0:55:13]} c6 {[%clk 0:29:30]} 18. Nd4
{[%clk 0:49:37]} g6 {[%clk 0:25:54]} 19. Kf2 {[%clk 0:45:25]} Ra4
{[%clk 0:24:22]} 20. Rhc1 {[%clk 0:43:35]} d6 {[%clk 0:23:52]} 21. cxd6
{[%clk 0:35:32]} Qxd6 {[%clk 0:23:09]} 22. a3 {[%clk 0:35:42]} Be6
{[%clk 0:22:22]} 23. Rc3 {[%clk 0:35:57]} Bc4 {[%clk 0:21:45]} 24. Qc2
{[%clk 0:35:30]} Rea8 {[%clk 0:21:34]} 25. Qb2 {[%clk 0:35:15]} Qd7
{[%clk 0:16:16]} 26. d3 {[%clk 0:31:04]} Bd5 {[%clk 0:12:38]} 27. Bxd5+
{[%clk 0:29:42]} Qxd5 {[%clk 0:12:53]} 28. Nc2 {[%clk 0:28:15]} g5
{[%clk 0:10:56]} 29. Qb3 {[%clk 0:25:22]} Qf7 {[%clk 0:10:07]} 30. Kf3
{[%clk 0:19:58]} Kg7 {[%clk 0:08:20]} 31. Qxf7+ {[%clk 0:20:22]} Kxf7
{[%clk 0:08:47]} 32. Re1 {[%clk 0:18:55]} Kg6 {[%clk 0:08:18]} 33. h3
{[%clk 0:16:51]} h5 {[%clk 0:07:58]} 34. Rg1 {[%clk 0:15:01]} g4+
{[%clk 0:07:47]} 35. Kf2 {[%clk 0:15:15]} Re8 {[%clk 0:07:03]} 36. Rh1
{[%clk 0:15:11]} Raa8 {[%clk 0:04:49]} 37. Ne1 {[%clk 0:10:11]} Re6
{[%clk 0:04:05]} 38. Ng2 {[%clk 0:10:04]} Rae8 {[%clk 0:02:44]} 39. Nh4+
{[%clk 0:10:16]} Kf7 {[%clk 0:02:07]} 40. Nxf5 {[%clk 0:10:35]} Rc8
{[%clk 0:00:52]} 41. hxg4 {[%clk 0:07:08]} hxg4 {[%clk 0:29:35]} 42. Rh7+
{[%clk 0:34:40]} Kg6 {[%clk 0:23:23]} 43. Rxb7 {[%clk 0:34:54]} Kxf5
{[%clk 0:23:00]} 44. e4+ {[%clk 0:35:18]} Rxe4 {[%clk 0:23:21]} 45. Rxb5+
{[%clk 0:30:09]} 1-0

[Event "Small Nations"]
[Site "?"]
[Date "2015.04.25"]
[Round "8.9"]
[White "Klerides, Paris"]
[Black "Nielsen, Hogni Egilstoft"]
[Result "1/2-1/2"]
[BlackElo "2382"]
[WhiteElo "2183"]
[LiveChessVersion "1.4.5"]

1. e4 {[%clk 1:26:18]} e5 {[%clk 1:30:44]} 2. Nf3 {[%clk 1:26:28]} Nc6
{[%clk 1:30:56]} 3. Bb5 {[%clk 1:25:38]} a6 {[%clk 1:30:58]} 4. Ba4
{[%clk 1:25:34]} Nf6 {[%clk 1:28:59]} 5. O-O {[%clk 1:25:26]} Nxe4
{[%clk 1:28:27]} 6. d4 {[%clk 1:25:10]} b5 {[%clk 1:28:27]} 7. Bb3
{[%clk 1:25:10]} d5 {[%clk 1:28:27]} 8. dxe5 {[%clk 1:25:10]} Be6
{[%clk 1:28:27]} 9. Be3 {[%clk 1:25:10]} Be7 {[%clk 1:26:01]} 10. c3
{[%clk 1:25:12]} O-O {[%clk 1:26:01]} 11. Nbd2 {[%clk 1:25:12]} Qc8
{[%clk 1:26:01]} 12. Nd4 {[%clk 1:25:12]} Na5 {[%clk 1:26:01]} 13. Nxe6
{[%clk 0:36:21]} Nxd2 {[%clk 0:53:00]} 14. Nxf8 {[%clk 0:29:54]} Nxf1
{[%clk 0:52:48]} 15. Kxf1 {[%clk 0:23:28]} Nxb3 {[%clk 0:42:01]} 16. Qxb3
{[%clk 0:23:26]} Bxf8 {[%clk 0:40:10]} 17. Qxd5 {[%clk 0:23:48]} c6
{[%clk 0:40:31]} 18. Qd4 {[%clk 0:18:09]} Qe6 {[%clk 0:39:32]} 19. f4
{[%clk 0:15:32]} Be7 {[%clk 0:37:34]} 20. Qe4 {[%clk 0:14:24]} g6
{[%clk 0:32:44]} 21. Rd1 {[%clk 0:12:56]} Rc8 {[%clk 0:23:45]} 22. b3
{[%clk 0:12:32]} a5 {[%clk 0:21:47]} 23. Rd2 {[%clk 0:12:41]} Ra8
{[%clk 0:17:27]} 24. h3 {[%clk 0:08:55]} a4 {[%clk 0:14:58]} 25. c4
{[%clk 0:08:50]} axb3 {[%clk 0:13:12]} 26. axb3 {[%clk 0:09:18]} Ra3
{[%clk 0:12:05]} 27. Rd3 {[%clk 0:09:33]} bxc4 {[%clk 0:07:34]} 28. bxc4
{[%clk 0:09:59]} f5 {[%clk 0:07:55]} 29. Qd4 {[%clk 0:09:48]} c5 {[%clk 0:08:13]}
30. Qd7 {[%clk 0:08:43]} Qxd7 {[%clk 0:03:20]} 31. Rxd7 {[%clk 0:09:11]} Rxe3
{[%clk 0:03:39]} 32. Rxe7 {[%clk 0:09:39]} Re4 {[%clk 0:03:58]} 33. g3
{[%clk 0:09:44]} Rxc4 {[%clk 0:04:20]} 34. Kg2 {[%clk 0:05:35]} h5
{[%clk 0:03:11]} 35. Rc7 {[%clk 0:05:37]} h4 {[%clk 0:01:08]} 36. gxh4
{[%clk 0:04:02]} Rxf4 {[%clk 0:01:31]} 37. h5 {[%clk 0:04:21]} 1/2-1/2

[Event "Small Nations"]
[Site "?"]
[Date "2015.04.25"]
[Round "8.10"]
[White "Rodgaard, John"]
[Black "Constantinou, Pavlos"]
[Result "1/2-1/2"]
[BlackElo "2057"]
[WhiteElo "2340"]
[LiveChessVersion "1.4.5"]

1. Nf3 {[%clk 1:30:53]} Nf6 {[%clk 1:30:50]} 2. c4 {[%clk 1:31:08]} e6
{[%clk 1:31:13]} 3. g3 {[%clk 1:30:23]} a6 {[%clk 1:31:37]} 4. Nc3
{[%clk 1:25:43]} d5 {[%clk 1:31:12]} 5. cxd5 {[%clk 1:22:59]} exd5
{[%clk 1:31:31]} 6. d4 {[%clk 1:23:15]} Bd6 {[%clk 1:30:37]} 7. Bg2
{[%clk 1:23:26]} O-O {[%clk 1:29:46]} 8. Bf4 {[%clk 1:12:36]} c6 {[%clk 1:17:33]}
9. Bxd6 {[%clk 1:04:42]} Qxd6 {[%clk 1:17:55]} 10. O-O {[%clk 1:05:04]} Bf5
{[%clk 1:15:40]} 11. Ne5 {[%clk 0:58:31]} Nbd7 {[%clk 1:11:02]} 12. Nd3
{[%clk 0:57:47]} Rfe8 {[%clk 1:08:56]} 13. Rc1 {[%clk 0:54:55]} Ne4
{[%clk 1:01:58]} 14. Nxe4 {[%clk 0:46:18]} Bxe4 {[%clk 0:59:49]} 15. f3
{[%clk 0:40:54]} Bf5 {[%clk 0:55:44]} 16. Qd2 {[%clk 0:37:48]} Re7
{[%clk 0:51:02]} 17. Rfe1 {[%clk 0:36:19]} Rae8 {[%clk 0:50:34]} 18. Nc5
{[%clk 0:34:23]} Nxc5 {[%clk 0:49:13]} 19. Rxc5 {[%clk 0:34:36]} Re3
{[%clk 0:44:25]} 20. Rc3 {[%clk 0:32:52]} R3e6 {[%clk 0:38:48]} 21. a3 h5
{[%clk 0:36:46]} 22. Kf2 {[%clk 0:27:31]} Qe7 {[%clk 0:33:40]} 23. b4
{[%clk 0:19:41]} h4 {[%clk 0:26:06]} 24. Bf1 {[%clk 0:16:45]} hxg3+
{[%clk 0:24:44]} 25. hxg3 {[%clk 0:17:13]} g5 {[%clk 0:24:48]} 26. Bg2
{[%clk 0:12:37]} 1/2-1/2

[Event "Small Nations"]
[Site "?"]
[Date "2015.04.25"]
[Round "8.11"]
[White "Aristotelous, Vassilis"]
[Black "Poulsen, Martin"]
[Result "0-1"]
[BlackElo "2252"]
[WhiteElo "1969"]
[LiveChessVersion "1.4.5"]

1. e4 {[%clk 1:30:53]} g6 {[%clk 1:30:53]} 2. d4 {[%clk 1:31:11]} Bg7
{[%clk 1:31:19]} 3. Nf3 {[%clk 1:30:02]} d6 {[%clk 1:26:00]} 4. Nc3
{[%clk 1:29:37]} Nf6 {[%clk 1:22:13]} 5. h3 {[%clk 1:29:39]} O-O {[%clk 1:18:41]}
6. Be3 {[%clk 1:29:31]} c6 {[%clk 1:16:33]} 7. a4 {[%clk 1:29:52]} a5
{[%clk 1:10:46]} 8. Qd2 {[%clk 1:26:07]} Qc7 {[%clk 4:45:45]} 9. Bd3
{[%clk 1:19:17]} Nbd7 {[%clk 1:00:54]} 10. Bh6 {[%clk 1:14:55]} e5
{[%clk 0:59:52]} 11. Bxg7 {[%clk 1:15:00]} Kxg7 {[%clk 1:00:08]} 12. O-O
{[%clk 1:11:52]} Qb6 {[%clk 0:39:20]} 13. Ne2 {[%clk 1:06:58]} Re8
{[%clk 0:35:08]} 14. Rfe1 {[%clk 1:07:00]} exd4 {[%clk 0:27:25]} 15. Nexd4
{[%clk 1:06:55]} Ne5 {[%clk 0:26:50]} 16. Nxe5 {[%clk 0:59:24]} dxe5
{[%clk 0:24:57]} 17. Nf5+ {[%clk 0:57:39]} Bxf5 {[%clk 0:23:46]} 18. exf5
{[%clk 0:57:45]} e4 {[%clk 0:19:17]} 19. Bc4 {[%clk 0:50:57]} Qc5
{[%clk 0:18:44]} 20. Bb3 {[%clk 0:41:27]} Qxf5 {[%clk 0:17:07]} 21. Qc3
{[%clk 0:39:25]} Qe5 {[%clk 0:15:05]} 22. Qc4 {[%clk 0:35:28]} Re7
{[%clk 0:14:16]} 23. Rad1 {[%clk 0:34:46]} Qxb2 {[%clk 0:07:07]} 24. c3
{[%clk 0:34:51]} Qa3 {[%clk 0:06:41]} 25. Re2 {[%clk 0:23:34]} Rc7
{[%clk 0:05:28]} 26. Red2 {[%clk 0:23:05]} Qe7 {[%clk 0:03:53]} 27. Qd4
{[%clk 0:19:55]} Re8 {[%clk 0:02:54]} 28. Qe3 {[%clk 0:19:32]} Qe5
{[%clk 0:02:29]} 29. c4 {[%clk 0:15:34]} c5 {[%clk 0:01:59]} 30. Rd6
{[%clk 0:13:21]} Ree7 {[%clk 0:01:04]} 31. Bc2 {[%clk 0:11:02]} Red7
{[%clk 0:00:40]} 32. Rxd7 {[%clk 0:10:10]} Rxd7 {[%clk 0:00:44]} 33. Rxd7
{[%clk 0:09:26]} Nxd7 {[%clk 0:01:08]} 34. Qxe4 {[%clk 0:09:27]} Qxe4
{[%clk 0:00:58]} 35. Bxe4 {[%clk 0:09:51]} Nb6 {[%clk 0:01:10]} 36. Bxb7
{[%clk 0:10:07]} Nxa4 {[%clk 0:00:43]} 37. Kf1 {[%clk 0:08:51]} Nb6
{[%clk 0:00:36]} 38. Ke2 {[%clk 0:08:34]} Nxc4 {[%clk 0:00:53]} 39. Bd5
{[%clk 0:08:39]} Nd6 {[%clk 0:00:44]} 40. Kd3 {[%clk 0:08:41]} Kf6
{[%clk 0:00:42]} 41. Ba2 {[%clk 0:05:44]} Ke5 {[%clk 0:00:37]} 42. Ke3
{[%clk 0:01:30]} c4 {[%clk 0:29:31]} 43. g4 {[%clk 0:24:17]} g5 {[%clk 0:28:10]}
44. Bb1 {[%clk 0:23:07]} h6 {[%clk 0:26:08]} 45. Bc2 {[%clk 0:22:38]} Nb5
{[%clk 0:22:50]} 46. Ba4 {[%clk 0:16:56]} Nc3 {[%clk 0:21:31]} 47. Be8
{[%clk 0:16:34]} f6 {[%clk 0:21:26]} 48. Bf7 {[%clk 0:15:14]} Nd5+
{[%clk 0:19:22]} 49. Kd2 {[%clk 0:14:26]} Kd4 {[%clk 0:15:59]} 0-1